000 00472nam a22001697a 4500
003 NUST - PNEC
005 20170116181014.0
008 150913b xxu||||| |||| 00| 0 eng d
020 _a8120308077
040 _cLIBRARY
082 _a621.381735 GAV
100 _910394
_aGayakwad, Ramakant A.
245 _aOp-amps and linear integrated circuit technology
_cRamakant A. Gayakwand
260 _cc.1998
650 _910397
_aOperational amplifiers
_xEE
942 _2ddc
_cBK
999 _c67223
_d67223